| 000 | 00521nam a2200169 a 4500 | ||
|---|---|---|---|
| 005 | 20140310183151.0 | ||
| 008 | 030423s19uu xx 00 eng d | ||
| 020 | _a0538073209 | ||
| 050 |
_aHD 60 _b.B979 1976 |
||
| 245 |
_aBusiness and society : _btext and cases / _cEdited by Robert D. Hay. |
||
| 260 |
_aU.S.A : _bSouth-Western Publishing Co, _c1976. |
||
| 300 |
_a386 p. : _c23 cm. |
||
| 521 | _aBSBA | ||
| 650 |
_aIndustries _xSocial aspects _xUnited States _xCase studies. |
||
| 942 |
_cBK _2lcc _kFOR |
||
| 999 |
_c19653 _d19653 |
||